Enciclopedia canina / (Registro nro. 141571)

Detalles MARC
000 -LEADER
campo de control de longitud fija 00722nam a2200205 i 4500
001 - NÚMERO DE CONTROL
campo de control 141571
003 - IDENTIFICADOR DE NÚMERO DE CONTROL
campo de control ES-MaACL
005 - FECHA Y HORA DE LA ÚLTIMA TRANSACCIÓN
campo de control 20230906200324.0
007 - CAMPO FIJO DE DESCRIPCIÓN FÍSICA--INFORMACIÓN GENERAL
campo de control de longitud fija t|
008 - DATOS DE LONGITUD FIJA--INFORMACIÓN GENERAL
campo de control de longitud fija 070925s1958 sp ||||1| spa d
080 ## - NÚMERO DE LA CLASIFICACIÓN DECIMAL UNIVERSAL
Número de la Clasificación Decimal Universal 686.7(03)
245 00 - MENCIÓN DEL TÍTULO
Título Enciclopedia canina /
Mención de responsabilidad, etc. publicada bajo la dirección de G. M. Villenave ; con la colaboración de Edmond Dechambre ; [traducción de Juan José Permanyer].
260 ## - PUBLICACIÓN, DISTRIBUCIÓN, ETC.
Lugar de publicación, distribución, etc. Barcelona :
Nombre del editor, distribuidor, etc. Noguer,
Fecha de publicación, distribución, etc. 1958.
300 ## - DESCRIPCIÓN FÍSICA
Extensión 232 p. :
Otras características físicas il. ;
Dimensiones 22 cm.
650 #4 - PUNTO DE ACCESO ADICIONAL DE MATERIA--TÉRMINO DE MATERIA
Término de materia o nombre geográfico como elemento de entrada Perros-
Subdivisión de forma Enciclopedias.
9 (RLIN) 15963
700 1# - ENTRADA AGREGADA--NOMBRE PERSONAL
Nombre de persona Villenave, G. M.
9 (RLIN) 115246
700 1# - ENTRADA AGREGADA--NOMBRE PERSONAL
Nombre de persona Dechambre, Edmond.
9 (RLIN) 43157
700 1# - ENTRADA AGREGADA--NOMBRE PERSONAL
Nombre de persona Permanyer y Ayats, Juan José (
Fechas asociadas al nombre 1848-1919)
9 (RLIN) 131031
852 ## - LOCALIZACIÓN
Ubicación ES-MaACL
Número de control de estantería C-13792
Sublocalización o colección R.41621
Existencias
Estatus retirado Estado de pérdida Estado de daño No para préstamo Colección Biblioteca de origen Biblioteca actual Ubicación en estantería Fecha de adquisición Fuente de adquisición Total de préstamos Signatura topográfica completa Código de barras Visto por última vez Precio de reemplazo Tipo de ítem Koha
        Colección de referencia Biblioteca del Ateneo de Madrid Biblioteca del Ateneo de Madrid Sala Palomar 17/01/2008     C-13792 1147308 23/02/2023 23/02/2023 Libro impreso